| Tag |
First Indicator |
Second Indicator |
Subfields |
| LEADER |
00000cam a2200000 a 4500 |
| 001 |
in00000095517 |
| 005 |
20150923173633.0 |
| 008 |
810127s1980 oncab b 00010 engm |
| 010 |
|
|
|a 81450543
|
| 015 |
|
|
|a C80-94324-4
|
| 020 |
|
|
|a 0888542577 (pbk.)
|
| 035 |
|
|
|a (OCoLC)06946096
|
| 035 |
|
|
|9 AAK8160AM
|
| 040 |
|
|
|a DLC
|c DLC
|d m.c.
|d TXA
|d UtOrBLW
|
| 043 |
|
|
|a n-cn-on
|
| 049 |
|
|
|a TXAM
|c [1633463]
|
| 050 |
0 |
0 |
|a QL1
|b T65 no. 124
|
| 082 |
0 |
|
|a 574 s
|a 581.9713/1
|2 19
|
| 100 |
1 |
|
|a Riley, J. L.
|q (John L.)
|
| 245 |
1 |
4 |
|a The vegetation and phytogeography of coastal southwestern James Bay /
|c J.L. Riley, S.M. McKay.
|
| 264 |
|
1 |
|a Toronto :
|b Royal Ontario Museum,
|c 1980.
|
| 300 |
|
|
|a 81 pages :
|b illustrations, maps ;
|c 26 cm.
|
| 336 |
|
|
|a text
|b txt
|2 rdacontent
|
| 337 |
|
|
|a unmediated
|b n
|2 rdamedia
|
| 338 |
|
|
|a volume
|b nc
|2 rdacarrier
|
| 490 |
1 |
|
|a Life sciences contributions,
|x 0384-8159 ;
|v no. 124
|
| 504 |
|
|
|a Bibliography: pages 27-32.
|
| 650 |
|
0 |
|a Plant ecology
|z Ontario.
|
| 650 |
|
0 |
|a Botany
|z James Bay Region (Ont. and Québec)
|
| 650 |
|
0 |
|a Coastal plants
|z Ontario.
|
| 650 |
|
0 |
|a Coastal plants
|z James Bay Region (Ont. and Québec)
|
| 650 |
|
0 |
|a Phytogeography
|z Ontario.
|
| 650 |
|
0 |
|a Phytogeography
|z James Bay Region (Ont. and Québec)
|
| 651 |
|
0 |
|a James Bay Region (Ont. and Québec)
|
| 700 |
1 |
|
|a McKay, Sheila M.
|
| 830 |
|
0 |
|a Life sciences contributions ;
|v no. 124.
|
| 999 |
|
|
|a MARS
|
| 999 |
f |
f |
|s 859cdaf8-f27d-3de5-b27b-d31a30066f88
|i 46aaae2e-baef-38ba-8b99-2005f393374d
|t 0
|
| 952 |
f |
f |
|p ric
|a Texas A&M University
|b Rellis Campus
|c Joint Library Facility
|d Remote Storage
|t 0
|e QL1 T65
|h Library of Congress classification
|i unmediated -- volume
|k no.124
|m A14806028053
|
| 998 |
f |
f |
|a QL1 T65
|s no.124
|t 0
|l Remote Storage
|